| 000 | 00761nam a2200229 a 4500 | ||
|---|---|---|---|
| 001 | 30599 | ||
| 003 | BD-RjUL | ||
| 005 | 20211209051604.0 | ||
| 008 | 140410s1951 enk 000 0 eng d | ||
| 035 | _a(BD-RjUL)30685 | ||
| 040 |
_aWAU _cWAU _dBD-RjUL _beng |
||
| 041 | 1 |
_aeng _hchi |
|
| 082 |
_a181.1 _bICH V-2 1951 |
||
| 245 | 1 | 4 |
_aThe I ching, or, Book of changes / _cthe Richard Wilhelm translation rendered into English by Cary F. Baynes ; Foreword by C.G. Jung _nVOLUME II. |
| 260 |
_aLondon : _bRoutledge & Kegan Paul, _c1951 |
||
| 300 |
_a375 p. : _bill. ; _c25 cm. |
||
| 500 | _aVol. 1 has added t.p. in Chinese | ||
| 700 | 1 |
_aBaynes, Cary F. _988918 |
|
| 700 | 1 |
_aWilhelm, Richard, _d1873-1930. _992962 |
|
| 740 | 0 | _aBook of changes | |
| 942 |
_2ddc _cBK |
||
| 999 |
_c30599 _d30599 |
||